The gold of the gods

Αποθηκεύτηκε σε:
Λεπτομέρειες βιβλιογραφικής εγγραφής
Κύριος συγγραφέας: Daniken, Erich von, 1935-
Μορφή: Βιβλίο
Γλώσσα:English
Δημοσίευση: Canada : Souvenir Press, 1973
Θέματα:
Ετικέτες: Προσθήκη ετικέτας
Δεν υπάρχουν, Καταχωρήστε ετικέτα πρώτοι!

MARC

LEADER 00000cam a2200000 i 4500
001 1/41730
008 961024s1972 eng d
020 |a 0-285-62087-8 
035 |l 10025462 
040 |a GR-MY-UA  |b gre  |e aacr 
041 0 |a eng 
082 0 |a 001.9 
100 1 |a Daniken, Erich von,   |d 1935- 
245 1 4 |a The gold of the gods /  |c Erich Von Daniken 
260 |a Canada :   |b Souvenir Press,   |c 1973 
300 |a 210 p.;  |b ill.;  |c 22 cm 
650 0 0 |a History, Ancient. 
650 0 0 |a Prehistoric peoples. 
650 0 0 |a Interplanetary voyages. 
852 |a INST  |b CHIOS  |e 19961024  |h 001.9 DAN  |p 005200011194  |q 005200011194  |t BK  |y 0 
901 |a BIBL2-2000-2 
909 |a Χ  |b 047678 
970 |z 2000/08/ΔΕΜΕΝΑΓΑΣ